Logistický audit - způsob, jak vykročit správným směrem

Motívy k uskutočneniu logistického auditu. Logistický audit ako nástroj prechodu od uvedomelej nevedomosti k uvedomelej firemnej vedomosti. Cieľ logistického auditu. Konkrétne príklady z praxe. Vypracovanie programu realizácie zmien.

Na minha lista:
Detalhes bibliográficos
Autor principal: Bazala, Jaroslav
Formato: Capítulo de Livro
Idioma:tcheco
Assuntos:
Tags: Adicionar Tag
Sem tags, seja o primeiro a adicionar uma tag!

MARC

LEADER 00000naa$a2200000$$$4500
001 0051674
005 20231113115508.5
041 0 |a cze 
044 |a CZ 
245 1 0 |a Logistický audit - způsob, jak vykročit správným směrem  |c Jaroslav Bazala 
520 |a Motívy k uskutočneniu logistického auditu. Logistický audit ako nástroj prechodu od uvedomelej nevedomosti k uvedomelej firemnej vedomosti. Cieľ logistického auditu. Konkrétne príklady z praxe. Vypracovanie programu realizácie zmien. 
610 2 0 |a logistika 
610 2 0 |a tok materiálu 
610 2 0 |a audit 
610 2 0 |a audítori 
610 2 0 |a distribúcia 
610 2 0 |a sklady 
610 2 0 |a riadenie podnikové 
610 2 0 |a riadenie projektové 
100 1 |a Bazala, Jaroslav